All Dominic Fike Songs - Statistics

General Stats
  • This quiz has been taken 1,770 times
    1,407 since last reset
  • The average score is 33 of 45
Answer Stats
Album Song % Correct
Don't Forget About Me, Demos 3 Nights
93%
Don't Forget About Me, Demos Babydoll
90%
Sunburn Sunburn
86%
Sunburn How Much Is Weed?
85%
Sunburn Ant Pile
81%
Don't Forget About Me, Demos King of Everything
81%
Sunburn Mona Lisa
81%
What Could Possibly Go Wrong Why
81%
What Could Possibly Go Wrong Chicken Tenders
80%
Don't Forget About Me, Demos Socks
80%
Euphoria Season 2 (An HBO Original Series Soundtrack) Elliot's Song
79%
Sunburn Mama's Boy
79%
Barbie The Album Hey Blondie
78%
Sunburn 4x4
77%
Sunburn Frisky
77%
Don't Forget About Me, Demos Westcoast Collective
77%
What Could Possibly Go Wrong Wurli
77%
McCartney III Imagined The Kiss of Venus
76%
What Could Possibly Go Wrong Vampire
76%
Single Açaí Bowl
75%
Sunburn Dancing in the Courthouse
75%
Sunburn Dark
75%
Don't Forget About Me, Demos She Wants My Money
75%
Sunburn Think Fast
75%
Don't Forget About Me, Demos Batsh*t
73%
What Could Possibly Go Wrong Politics & Violence
73%
What Could Possibly Go Wrong Double Negative (Skeleton Milkshake)
72%
What Could Possibly Go Wrong Florida
71%
Single #3 Phone Numbers
71%
Sunburn Sick
71%
Sunburn Bodies
70%
What Could Possibly Go Wrong Cancel Me
70%
Sunburn Pasture Child
70%
What Could Possibly Go Wrong Superstar Sh*t
70%
Single #2 Rollerblades
69%
Sunburn 7 Hours
68%
What Could Possibly Go Wrong Come Here
68%
What Could Possibly Go Wrong Joe Blazey
66%
Sunburn What Kinda Woman
66%
Don't Forget About Me, Demos Falling Asleep
65%
What Could Possibly Go Wrong 10x Stronger
64%
We Love Dogs! Photo ID
64%
What Could Possibly Go Wrong What's for Dinner?
62%
What Could Possibly Go Wrong Good Game
59%
Single #4 Hit Me Up
37%
No matching quizzes found
Score Distribution
Percent of People with Each Score
Percentile by Number Answered
Your Score History
You have not taken this quiz since the last reset